Dental radiography and photography (Record no. 31236)

MARC details
000 -LEADER
fixed length control field 00619nas a2200145 a 4500
008 - FIXED-LENGTH DATA ELEMENTS--GENERAL INFORMATION
fixed length control field 111107c19829999||||||||||||||||| || u
050 ## - LIBRARY OF CONGRESS CALL NUMBER
Classification number RK 270 DEN
245 00 - TITLE STATEMENT
Title Dental radiography and photography
260 ## - PUBLICATION, DISTRIBUTION, ETC.
Place of publication, distribution, etc. New York:
Name of publisher, distributor, etc. Eastman Kodak Company
Date of publication, distribution, etc. 1982
300 ## - PHYSICAL DESCRIPTION
Extent variant pagings
350 ## -
-- 0.00
362 1# -
-- <p>Vol. 54, NOs 2, 3, 4, 1981: Vol. 55, Nos 1-3, 1982: Vol. 56, No. 1, 1983</p>
650 ## - SUBJECT ADDED ENTRY--TOPICAL TERM
Topical term or geographic name entry element TEETH--RADIOGRAPHY--PERIODICALS
995 ## -
-- MEDICAL LIBRARY OPEN ACCESS
-- 753
-- CBU-SCHOOL OF MEDICINE LIBRARY (Ndola)
-- 0.00
-- RK 270 DEN
-- 1
-- AVAILABLE
-- Jul 15, 2013
-- B753
-- Medical Library Open Access Collection
999 ## -
-- 31236
-- 31236
Holdings
Withdrawn status Lost status Source of classification or shelving scheme Damaged status Not for loan Permanent Location Current Location Shelving location Date acquired Total Checkouts Full call number Barcode Date last seen Price effective from Koha item type
          CBU-SCHOOL OF MEDICINE LIBRARY, NDOLA. CBU-SCHOOL OF MEDICINE LIBRARY, NDOLA.   11/30/2022   RK 270 DEN B753 11/30/2022 11/30/2022 MONOGRAPH